000 00677nam a2200253Ia 4500
003 OSt
005 20220918174553.0
006 a|||||r|||| 00| 0
007 ta
008 220917b |||||||| |||| 00| 0 eng d
024 _a12,880
037 _cTextual
040 _aARTS
_cARTS
_beng
041 _2eng
_aeng
082 _a/\73j, L4
100 _aWilliams L F Rushbrook ed
245 0 _aSufi studies
_b East and West
260 _aSally
_bMallam
_c1974
300 _axxxvi,272p.
_ccm.
500 _aAppendix 247-60; Includes index
650 _aSPIRITUALISM
942 _h/\73j, L4
_cTEXL
_2CC
999 _c153717
_d153717